Southville International School and Colleges
Your cart is empty.
  • Cart
  • Lists
    Public lists Eva Luna New books Lux_list list_1
    Your lists Log in to create your own lists
  • Log in to your account
  • Your cookies
  • Search history
Southville International School and Colleges
  • Advanced search
  • Recent comments
  • Most popular
  • Libraries

Log in to your account

Log in with GOOGLE


If you do not have an external account, but do have a local account, you can still log in:

  1. Home
  2. MARC view: Human biology /
Normal view MARC view ISBD view

Human biology / (Record no. 39369)

[ view plain ]
MARC details
000 -LEADER
fixed length control field 00586nam a2200241 a 4500
005 - DATE AND TIME OF LATEST TRANSACTION
control field 20140311163010.0
008 - FIXED-LENGTH DATA ELEMENTS--GENERAL INFORMATION
fixed length control field 051214s19uu xx 00 eng d
020 ## - INTERNATIONAL STANDARD BOOK NUMBER
International Standard Book Number 0071250042
050 ## - LIBRARY OF CONGRESS CALL NUMBER
Classification number QP 36
Item number .M2 2005
100 ## - MAIN ENTRY--PERSONAL NAME
Personal name Mader, Sylvia S.
245 ## - TITLE STATEMENT
Title Human biology /
Statement of responsibility, etc Sylvia S. Mader.
250 ## - EDITION STATEMENT
Edition statement 8th ed.
260 ## - PUBLICATION, DISTRIBUTION, ETC. (IMPRINT)
Place of publication, distribution, etc New York :
Name of publisher, distributor, etc McGraw-Hill,
Date of publication, distribution, etc 2005.
300 ## - PHYSICAL DESCRIPTION
Extent x, 541 p. :
Other physical details ill. ;
Dimensions 26 cm.
521 ## - TARGET AUDIENCE NOTE
Target audience note
650 ## - SUBJECT ADDED ENTRY--TOPICAL TERM
Topical term or geographic name as entry element Human biology.
942 ## - ADDED ENTRY ELEMENTS (KOHA)
Koha item type Books
Source of classification or shelving scheme Library of Congress Classification
Call number prefix Foreign
Holdings
Withdrawn status Lost status Source of classification or shelving scheme Damaged status Home library Current library Shelving location Date acquired Source of acquisition Total Checkouts Full call number Barcode Date last seen Copy number Price effective from Koha item type
    Library of Congress Classification   Archives Archives   12/12/2013 Donation   QP 36 .M2 2005 C7077 05/15/2018 4 12/12/2013 Books

Human biology /

APA

Mader S. S., . (2005). Human biology. New York: McGraw-Hill.

Chicago

Mader Sylvia S, . 2005. Human biology. New York: McGraw-Hill.

Harvard

Mader S. S., . (2005). Human biology. New York: McGraw-Hill.

MLA

Mader Sylvia S, . Human biology. New York: McGraw-Hill. 2005.

  • Place hold
  • Print
  • Cite
  • Add to your cart (remove)
  • Save record
    BIBTEX Dublin Core MARCXML MARC (non-Unicode/MARC-8) MARC (Unicode/UTF-8) MARC (Unicode/UTF-8, Standard) MODS (XML) RIS
  • More searches
    Search for this title in:
    Other Libraries (WorldCat) Other Databases (Google Scholar) Online Stores (Bookfinder.com) Open Library (openlibrary.org)

Exporting to Dublin Core...

SOUTHVILLE LIBRARY

Southville International School and Colleges Library

1281 Tropical Ave. Cor. Luxembourg St., BF Homes International, Las Pinas City

Tel. No. 8256374 / 252358 Loc. 117/146

Powered by Koha